Computer Networks : (Record no. 61591)

000 -LEADER
fixed length control field 00739nam a22002297a 4500
003 - CONTROL NUMBER IDENTIFIER
control field NUST-PNEC
005 - DATE AND TIME OF LATEST TRANSACTION
control field 20170116180725.0
008 - FIXED-LENGTH DATA ELEMENTS--GENERAL INFORMATION
fixed length control field 140429b xxu||||| |||| 00| 0 eng d
020 ## - INTERNATIONAL STANDARD BOOK NUMBER
International Standard Book Number 9788177581652
020 ## - INTERNATIONAL STANDARD BOOK NUMBER
International Standard Book Number 8178087855
040 ## - CATALOGING SOURCE
Transcribing agency PNEC
082 ## - DEWEY DECIMAL CLASSIFICATION NUMBER
Classification number 004.6 TAN
100 ## - MAIN ENTRY--PERSONAL NAME
9 (RLIN) 61
Personal name Tanenbaum, Andrew S.
245 ## - TITLE STATEMENT
Title Computer Networks :
Statement of responsibility, etc. Andrew S. Tanenbaum
250 ## - EDITION STATEMENT
Edition statement 4th ed.
260 ## - PUBLICATION, DISTRIBUTION, ETC.
Place of publication, distribution, etc. New Delhi
Name of publisher, distributor, etc. Pearson Education Inc.
Date of publication, distribution, etc. c.2003
300 ## - PHYSICAL DESCRIPTION
Extent xviii, 891 p. :
Other physical details ill. :
Dimensions 24 cm.
500 ## - GENERAL NOTE
General note Includes index.
650 ## - SUBJECT ADDED ENTRY--TOPICAL TERM
General subdivision MIS, Computer
856 ## - ELECTRONIC LOCATION AND ACCESS
Uniform Resource Identifier <a href="http://www.amazon.com/Computer-Networks-Andrew-S-Tanenbaum/dp/8177581651/ref=sr_1_1?s=books&ie=UTF8&qid=1415174138&sr=1-1&keywords=9788177581652">http://www.amazon.com/Computer-Networks-Andrew-S-Tanenbaum/dp/8177581651/ref=sr_1_1?s=books&ie=UTF8&qid=1415174138&sr=1-1&keywords=9788177581652</a>
942 ## - ADDED ENTRY ELEMENTS (KOHA)
Source of classification or shelving scheme
Koha item type Book
Holdings
Withdrawn status Lost status Source of classification or shelving scheme Damaged status Not for loan Permanent Location Current Location Shelving location Date acquired Source of acquisition Cost, normal purchase price Total Checkouts Full call number Barcode Date last seen Date last checked out Cost, replacement price Price effective from Koha item type
          Pakistan Navy Engineering College (PNEC) Pakistan Navy Engineering College (PNEC)   02/15/2011 ZS Dictionary Shop 492.75 1 004.6 TAN PNECLIB-030213 02/02/2016 02/02/2016 492.75 02/15/2011 Book
          Pakistan Navy Engineering College (PNEC) Pakistan Navy Engineering College (PNEC)   12/12/2010 Donated 850.00 2 004.6 TAN PNECLIB-030038 04/20/2016 03/30/2016 850.00 12/12/2010 Book
          Pakistan Navy Engineering College (PNEC) Pakistan Navy Engineering College (PNEC)   12/15/2011 ZS Dictionary Shop 493.00   004.6 TAN PNECLIB-030212 11/12/2014   493.00 12/15/2011 Book
          Pakistan Navy Engineering College (PNEC) Pakistan Navy Engineering College (PNEC)   05/12/2008 Fair Book Centre 585.00   004.6 TAN PNECLIB-028627 11/12/2014   585.00 05/12/2008 Book
© 2023 Central Library, National University of Sciences and Technology. All Rights Reserved.